000 00255nam a22001217a 4500
008 170918b xxu||||| |||| 00| 0 eng d
041 _aeng
080 _a7
100 _a44
101 _aART
245 _aTHE FORTY-NINERS
_cJOHNSON,W.W
942 _2udc
_cBK
999 _c28012
_d28012